000 00750nam0a22002411 4500
001 rc\673071
005 20031121165724.1
035 _a(NLR Aleph) 005911286
090 _a6379413
_c6379413
100 _a20031121d1986 u |0rusy50 ca
101 0 _arus
102 _aRU
105 _aa |||||||||
200 1 _aУчебно-материальная база гражданской обороны
_fПод ред. А.Ф. Кадикиса
210 _aРига
_cАвотс
_d1986
215 _a154, [3] с.
_cил.
_d20
320 _aБиблиогр.: с. 156
700 1 _aРаспутин
_bИ. Г.
_gИгорь Георгиевич
801 0 _aRU
_bNLR
_gpsbo
801 1 _aRU
_bELAR
_2rusmarc
852 _aNLR
_j86-3/9470
942 _cBOOK
980 _aNB